Effect of Gender and Personality Traits (BFI-10) on Innovativeness

Gespeichert in:
Bibliographische Detailangaben
1. Verfasser: Olexová, Cecília, 1976-
Weitere Verfasser: Sudzina, František
Format: Buchkapitel
Sprache:Englisch
Schlagworte:
Tags: Tag hinzufügen
Keine Tags, Fügen Sie das erste Tag hinzu!

MARC

LEADER 00000naa$a2200000$$$4500
001 0233300
005 20240502073804.9
041 0 |a eng 
044 |a SK 
245 1 0 |a Effect of Gender and Personality Traits (BFI-10) on Innovativeness  |c Cecília Olexová, František Sudzina 
500 |a Abstrakt 
610 2 0 |a analýza empirická 
610 2 0 |a produktivita 
610 2 0 |a muži 
610 2 0 |a ženy 
610 2 0 |a inovácie technologické 
100 1 |a Olexová, Cecília, 1976- 
700 1 |a Sudzina, František